000 00624nam a22002057a 4500
005 20251108174751.0
008 250721s2009 xx 000 0 ara d
082 1 4 _a956.4052/عتو
100 1 _aالعتوم، مصطفى علي
_eمؤلف
245 1 0 _aحرب غزة فلسطين ومواقف العرب منها /
264 1 _aعمان :
_bالعتوم،
_c2009.
300 _a191 ص.
490 0 _aالمعارك التريخية على أرض الشام
650 1 7 _aتاريخ فلسطين
650 1 7 _aالحرب
650 1 7 _aإسرائيل
653 _aغزة
942 _2ddc
_cBK
999 _c117520
_d117520